| 000 | 02582njm0a2200469 4500 | ||
|---|---|---|---|
| 001 | RU\NLR\ONIZ\305012 | ||
| 005 | 20250708194439.0 | ||
| 035 | _a(NLR Aleph) 022404736 | ||
| 071 | 0 | 0 | _aСМ-04375-6 |
| 090 |
_a13286092 _c13286092 |
||
| 100 | _a20241025d1989 |||y0rusy50 ca | ||
| 102 | _aRU | ||
| 126 |
_aabbxexu ux _bxxx |
||
| 127 | _a003700 | ||
| 128 | _ddm | ||
| 145 | 0 | _ab | |
| 200 | 1 |
_aКонцерт для скрипки с оркестром _bЗвукозапись _eре минор _eсоч. 1940 г. _fАрам Хачатурян _gкаденция Д. Ойстраха _gисполняют: Давид Ойстрах, Большой симфонический оркестр Всесоюзного радио, дирижер Арам Хачатурян |
|
| 203 |
_aМузыка _bисполнительская _cаудио |
||
| 210 |
_aМосква _cМелодия _gЗавод грампластинок _eЛенинград _d1989 |
||
| 215 |
_a1 грп. [ГОСТ 5289-88] (37 мин) : 33 об/мин, стерео _d30 см, в конв. |
||
| 300 | _aЗапись 1965 г. | ||
| 300 | _aНа конв. коммент. Г. Шнеерсона | ||
| 606 | 1 |
_aКонцерты для скрипки с оркестром советские _jЗвукозапись _2nlr_sh _7ca |
|
| 606 | 1 |
_aСкрипачи русские советские _z20 в. _jЗвукозапись _2nlr_sh _7ca |
|
| 606 | 1 |
_aДирижёры русские советские _z20 век _jЗвукозапись _2nlr_sh |
|
| 606 | 1 |
_aОркестры симфонические советские _z20 век _jЗвукозапись _2nlr_sh |
|
| 686 | 0 | _aЩ955.4-042(2) | |
| 700 | 1 |
_9z03790 _aХачатурян _bА. И. _f1903-1978 _gАрам Ильич _4230 _4250 _7ca |
|
| 702 | 1 |
_9z05790 _aОйстрах _bД.Ф. _cскрипка _f1908-1974 _gДавид Федорович _4545 _4svl _4030 _7ca |
|
| 702 | 1 |
_9z06790 _aШнеерсон _bГ. М. _f1901-1982 _gГригорий Михайлович _4675 _7ca |
|
| 712 | 0 | 2 |
_aБольшой симфонический оркестр Всесоюзного радио _4590 _7ca |
| 790 | 1 |
_9z03700 _aChačaturjan _bA. I. _f1903-1978 _gAram Il`ič _4230 _4250 _7ba |
|
| 790 | 1 |
_9z05702 _aOjstrach _bD. _f1908-1974 _gDavid _4545 _4svl _4030 _7ba |
|
| 790 | 1 |
_9z06702 _aŠneerson _bG. M. _f1901-1982 _gGrigorij Michajlovič _4675 _7ba |
|
| 801 | 0 |
_aRU _bNLR _c20241025 _gPSBO |
|
| 801 | 1 |
_aRU _bNLR _c20241025 _2rusmarc |
|
| 801 | 2 |
_aRU _bNLR _c20241203 |
|
| 852 |
_aNLR _bМг _j3/6530 _p25155 _t1 |
||
| 942 | _cREC | ||
| 980 | _aNB | ||
| 980 | _aONIZ | ||